000 00312 a2200157 4500
001 177568
020 _a
040 _cMagnum
100 _aBrandao, Maria do Carmo
240 1 0 _aA aranha
_lpor
245 1 0 _aA aranha
362 0 _a1899
440 1 _aMiguilim
697 _aMAGNITO: I/ANIMAIS
942 _cBK
999 _c177568
_d177568